000 00895nam a22002417a 4500
008 240706b mp ||||| |||| 00| 0 mon d
020 _a978-99973-1-604-2
035 _a62396
040 _aBH0164090
_bmon
_cMN-UlNLM
_dMN-UlNLM
_erda
041 _amon
042 _a188235
084 _2NNA
_a92
_bК.34
100 _aКелли Ж.Ф.
245 0 _aКодчилол
264 _aУБ.
_bМонсудар хэвлэлийн газар
_c2021
300 _a64х.
336 _2rdacontent
_atext
_btxt
337 _2rdamedia
_aunmediated
_bn
338 _2rdacarrier
_avolume
_bnc
650 _aDK Олжмэд! Кодчилол ном нь кодчиллын ертөнцийн сонирхолтой баримт, зургуудыг багтаасан төдийгүй агуу санаануудыг тусгасан гайхал...
942 _2NNA
_cBK
999 _c1122574
_d1122631